Statystyki dla Żeńskie Imiona na literę N

Kliknij tutaj aby rozwiązać quiz!

Ogólne statystyki

  • Ten quiz został rozwiązany 201 razy
  • Średni wynik to 7 z 19

Statystyki odpowiedzi

Imiona% Poprawnych
Natalia
98%
Nadia
77%
Nikola
71%
Nina
63%
Nela
55%
Noela
55%
Natasza
53%
Nora
29%
Norberta
23%
Naomi
22%
Noemi
21%
Nikodema
20%
Nastazja
15%
Narcyza
14%
Nika
11%
Nana
9%
Nila
7%
Narina
6%
Neli
6%

Rozkład punktacji

Percentyl według liczby udzielonych odpowiedzi

Procent ludzi z każdym wynikiem

Twoja historia wyników

Nie rozwiązałeś tego quizu